1508 1884 1416 1097 1005 1738 1900 1553 1183 1771 1567 1554 1471 1458 1786 1646 1474 1650 1166 1141 1439 1807 1795 1454 1264 1110 1598 1728 1039 1197 1922 1118 1373 1285 1516 1710 1305 1295 1877 1078 1974 1973 1853 1640 1887 1718 1681 1203 1605 1593 1915 1076 1820 1320 1120 1837 1588 1665 1510 1334 1142 1205 1889 1878 1896 1615 1774 1030 1063 1289 1751 1278 1937 1780 1248 1843 1165 1215 1456 1547 1564 1162 1854 1931 1545 1101 1347 1634 1323 1729 1527 1963 1620 1746 1270 1428 1455 1170 1784 BCNSPRNW ULIB Ver.6.0+V

เปลี่ยนเป็นภาษาไทย

Change to English
 แสดงรายละเอียดบรรณานุกรม
  กลับหน้าหลัก

Brief Record : Get Marc (ISO 2709) : E-mail record : QR code < ปิดหน้าต่าง
LEADER : 00000nam 2200000uu 4500
001    13399109456
003     ULIB
008    110401s2552||||th 000 0 tha d
020    9789748377834
060 04 WB115^bจ281ก 2552
245 00 การดูแลผู้ป่วยนอกทางอายุรศาสตร์ /^c[คณะบรรณาธิการ]จันทราภา ศรีสวัสดิ์ ... [และคนอื่นๆ]
250    พิมพ์ครั้งที่ 1
260    กรุงเทพฯ :^bโครงการตำรา วิทยาลัยแพทยศาสตร์พระมงกุฎเกล้า,^c2552
300    530 หน้า :^bภาพประกอบ ;^c27 ซม.
650  7 อายุรศาสตร์^vรวมเรื่อง
650  7 การรักษาโรค^vรวมเรื่อง
650  7 ผู้ป่วยนอก^xการรักษา
650  7 ผู้ป่วยนอกของโรงพยาบาล^xการดูแล
700 0  จันทราภา ศรีสวัสดิ์,^eบรรณาธิการ
710 2  วิทยาลัยแพทยศาสตร์พระมงกุฏเกล้า. ^bโครงการตำรา
945    ^p500^l0^i027819
945    ^p500^l0^i027818
945    ^p500^l0^i027817
945    ^p500^l0^i026881
945    ^p500^l0^i026880
945    ^p500^l0^i026879
945    ^p500^l0^i026150
945    ^p500^l0^i026148
945    ^p500^l0^i026147
945    ^p500^l0^i026146
945    ^p500^l0^i026145
945    ^p500^l0^i026882
945    ^p500^l0^i026149
945    ^p500^l0^i026144
995    ทศพร
999 ^a ใช้งานได้ทุกระบบ
รายการนี้ยังไม่มีแท็ก
คุณยังไม่ได้ล็อกอิน คุณสามารถมีกิจกรรมร่วมกับเว็บไซต์ได้ แต่ต้องล็อกอินก่อน ::
  ล็อกอิน

รายการสื่อสารสนเทศ

ลำดับที่ ประเภท เลขเรียก/บาร์โค้ด สถานที่ สถานะ
- ไม่พบข้อมูล -

BibComment


ยังไม่เคยถูกคอมเมนท์

คอมเมนท์ทรัพยากรรายการนี้
  คอมเมนท์: การดูแลผู้ป่วยนอก..


 Copyright 2026. Bcnsprnw @Library